Statistics for Aquatic Mammals by Picture

Click here to take the quiz!

General Stats

  • This quiz has been taken 32,228 times
  • The average score is 12 of 15

Answer Stats

Answer% Correct
Hippopotamus
99%
Polar Bear
99%
Orca
97%
Walrus
93%
Platypus
88%
Beaver
87%
Manatee
80%
Narwhal
80%
Beluga
77%
{Humpback} Whale
75%
{Sperm} Whale
74%
{Elephant} Seal
72%
Sea Lion
72%
{Bottlenose} Dolphin
63%
{Leopard} Seal
38%

Score Distribution

Percentile by Number Answered

Percent of People with Each Score

Your Score History

You have not taken this quiz